000 00486nam a2200205Ia 4500
005 20250506172848.0
008 008 250505s9999 xx 000 0 eng d
020 _a9788194769637
037 _aTB
040 _aILCL
_beng
_cILCL
041 _aeng
_2eng
082 _qILCL
100 _aPound, Roscoe
245 0 _aLaw and Morals
260 _aBangalore
_bMPP House
_c2024
300 _a192p.
365 _aINR
942 _cTB
_2Colon Classification
999 _c1312365
_d1312365